Регионална библиотека "Любен Каравелов" - Русе

Свободно падане (Запис номер 119493)

MARC детайли
000 -Лидер
Контролно поле с фиксирана дължина 02166nam a2200457 c 4500
003 - Код на организацията, давaща контролен номер
Контролно поле BLK
005 - Дата и час на последна редакция
Контролно поле 20240618094532.0
008 - Елементи от данни с фиксирана дължина
fixed length control field 180409b bul|||||r ||||||| ||bul||
010 ## - Наследен системен номер
LC control number KNG00125108000
020 ## - Международен стандартен номер на книга ISBN
Международен стандартен номер на книга ISBN 978-954-761-486-4
-- издат.: ИнфоДар
040 ## - Източник на каталожния запис
Идентификатор на билиотеката - собственик на записа BLK
041 ## - Код за език
Код за езика на текст/звукозапис или на отделно заглавие Български
Код за езика КДБФ Български
072 #7 - Код за тематичната категория
Код организация bullib
Код за тематична категория Н33
Текст Икономика Н
080 ## - УДК
Текстов определител УДК Стопански кризи. Депресии
УДК код - определител по УДК 338.124.4
УДК определител (73)
УДК - код + определител 338.124.4(73)
080 ## - УДК
Текстов определител УДК Външна търговия. Международна търговия. Външно-търговска политика. Мита. Вж и 336. 4
УДК код - определител по УДК 339.5
УДК определител :339.13
УДК - код + определител 339.5:339.13
080 ## - УДК
Текстов определител УДК Международни икономически отношения. Външностопанска политика. Световно стопанство
УДК код - определител по УДК 339.9
УДК определител
УДК - код + определител 339.9
100 1# - Редна дума - Автор
Автор Стиглиц, Джоузеф Е.
Авторска отговорност първи автор
R(LIN) 124671
139 ## - Редно поле
Редна дума Стиглиц, Джоузеф Е.
Авторски знак Сти - С 76
245 10 - Сведения за заглавието
Заглавие Свободно падане
Подзаглавни данни Америка, свободните пазари, кризата и виновните за нея
Редно поле (дума) Джоузеф Е. Стиглиц; прев. от англ. Драгомира Паунова.
257 ## - Страна на издаване
Страна на създаване/издаване Съединени американски щати
260 ## - Област на издателските данни
-- София
Име на издателя, разпространителя и проч. ИнфоДар
Година на издаване 2011
Печатница София : Симолини
300 ## - Физическа характеристика
Страници 518 с.
Размери/Мащаб 22 см
380 ## - Жанр
Жанр Обществени науки
500 ## - Общи забележки
Забележка Ориг. загл. Freefall / Joseph E. Stiglitz.
650 #4 - Допълнително описание по предмет – тема
Основно описание – тема или топоним САЩ - стопански кризи
9 (RLIN) 316208
650 #4 - Допълнително описание по предмет – тема
Основно описание – тема или топоним Пазари
9 (RLIN) 165495
650 #4 - Допълнително описание по предмет – тема
Основно описание – тема или топоним Световно стопанство
9 (RLIN) 251664
651 #4 - Допълнително описание по предмет - топоним
Географско понятие САЩ
9 (RLIN) 179493
653 ## - Ключова дума – ненормативна
Ключова дума стопански кризи
653 ## - Ключова дума – ненормативна
Ключова дума нов световен ред
653 ## - Ключова дума – ненормативна
Ключова дума световно стопанство
653 ## - Ключова дума – ненормативна
Ключова дума САЩ
659 ## - Тематичен бюлетин
Тематичен бюлетин Н
700 ## - Други автори (авторска отговорност)
Лично име Паунова, Драгомира Христова
Дати, свързани с автора 1977
Друга информация Юрист. Преводач от английски език.
9 (RLIN) 286687
852 ## - Местоположение
Форматна сигнатура Цб 259332
856 4# - Електронен адрес и достъп
Електронен формат pdf - файл
Път до файла /url/
856 4# - Електронен адрес и достъп
Електронен формат pdf - файл
Път до файла /url/
942 ## - АРТИКУЛИ
Вид на библиотечния материал Книги
Скрит в OPAC Не
Koha issues (borrowed), all copies 3
944 ## - СЪЗДАВАНЕ И РЕДАКЦИЯ на ЗАПИСА
Създаване/Редакция Създаване
Дата на регистрацията/редакция 19.08.2011
Служител, извършил регистрацията/редакцията 30560
Статус, дата на статуса Геновева Генчева
944 ## - СЪЗДАВАНЕ И РЕДАКЦИЯ на ЗАПИСА
Създаване/Редакция Редакция
Дата на регистрацията/редакция 30.09.2013
Служител, извършил регистрацията/редакцията
999 ## - СИСТЕМНИ КОНТРОЛНИ НОМЕРА
Koha biblionumber 119493
Koha biblioitemnumber 119493
Наличности
Код за отписване Код за изгубен артикул Източник на класификационната схема Код за повреда Коз за рестрикции Код за отдаване Артикулен № Име на библиотеката - собственик Име на библиотеката, в която се намира в момента Статус (Текущо местоположение) Дата на вписване в системата Местоположение - отдел Цена в лева Инвентарен номер Систематично азбучна сигнатура Баркод Номер на екземпляра Цена в евро Служебна бележка Служебен тип на артикула
  Не е изгубен Universal Decimal Classification Не е повреден без рестрикции заемане за дома 192779 Регионална библиотека "Любен Каравелов" Русе Регионална библиотека "Любен Каравелов" Русе Заемна - подръчен фонд 2011-12-16 Заемна - подръчен фонд 15.00 120000755702 П 338/С 76 120000755702 1 7.67 Дост: Pk Вид: Ф N: 251 Дата: 15.12.2011 Дата инв: 05.02.2018 Бележки инв: П2018 Книги
  Не е изгубен   Не е повреден без рестрикции ползва се в читалня 192780 Регионална библиотека "Любен Каравелов" Русе Регионална библиотека "Любен Каравелов" Русе Хранилище 2013-04-17 Хранилище 15.00 120000765913 Цб 259332 120000765913 2 7.67 Дост: Dp Вид: Д N: 3 Дата: 23.01.2012 Книги
Vip Innovations Ltd, Rousse, Bulgaria 2025